000 00611nam a2200205Ia 4500
003 GCL
008 140319s9999 xx 000 0 ara d
040 _aGCL /
_cGCL
082 0 4 _a657
_bك د
100 1 _aكمال حسين
245 1 0 _aدراسات فى نظام المعلومات المحاسبية /
_cكمال حسين
260 _a[S.N] :
_bمكتبة عين شمس ،
_c1993
300 _a239 ص
490 _a
650 0 4 _aالمحاسبة الالية
650 0 4 _aالحاسبات الالكترونية
650 0 4 _aالمحاسبة
650 0 4 _aالمعلومات
942 _2ddc
_cBK
999 _c58944
_d58944